[Event "Isthmia 2011"]
[Site "Vrachati"]
[Date "2011.08.19"]
[Round "2.25"]
[White "Kasparova, Tatiana"]
[Black "Papakonstantinou, Dimitrios"]
[Result "1-0"]
[WhiteElo "2129"]
[BlackElo "1783"]
[PlyCount "81"]
[EventDate "2011.08.18"]

1. e4 c5 2. Nf3 g6 3. c4 Nc6 4. d4 cxd4 5. Nxd4 Bg7 6. Be3 Nf6 7. Nc3 Ng4 8.
Qxg4 Nxd4 9. Qd1 Ne6 10. Qd2 Qa5 11. Rc1 b6 12. Be2 Bb7 13. f3 f5 14. exf5 gxf5
15. O-O Rg8 16. Rfd1 Rd8 17. Nb5 Qxd2 18. Rxd2 Be5 19. Kh1 Bf4 20. Bxf4 Nxf4
21. Bf1 d6 22. Nxa7 Kf7 23. Nb5 Rg5 24. Rd4 Ng6 25. Rc3 Rg8 26. Kg1 Rh5 27. h3
Ne5 28. Kf2 Nc6 29. Rd2 Rhg5 30. f4 R5g6 31. g3 Kf8 32. Bg2 Na5 33. Bxb7 Nxb7
34. b4 Kf7 35. Rd5 Rh6 36. Rxf5+ Ke6 37. g4 Rf6 38. Nc7+ Kf7 39. Rxf6+ exf6 40.
Nd5 Ra8 41. a3 1-0

[Event "Isthmia 2011"]
[Site "Vrachati"]
[Date "2011.08.19"]
[Round "2.26"]
[White "Skouvaklis, Alexis"]
[Black "Habesis, Panayotis"]
[Result "1-0"]
[WhiteElo "2084"]
[BlackElo "1760"]
[PlyCount "79"]
[EventDate "2011.08.18"]

1. e4 e5 2. Nf3 Nc6 3. Bb5 a6 4. Ba4 Nf6 5. O-O b5 6. Bb3 Be7 7. Re1 d6 8. c3
Na5 9. Bc2 c5 10. h3 O-O 11. d4 Qc7 12. Nbd2 Re8 13. Nf1 g6 14. b3 Bf8 15. d5
c4 16. b4 Nb7 17. a4 Bd7 18. Ng3 a5 19. Be3 Reb8 20. Qe2 axb4 21. cxb4 bxa4 22.
Ra3 Ra6 23. Nd2 Bb5 24. Nb1 Nd8 25. Nc3 Qb7 26. Rb1 Rba8 27. Qd1 Qd7 28. Rba1
Qb7 29. Qb1 Qd7 30. Nge2 Nh5 31. Nxb5 Qxb5 32. Nc3 Qb7 33. g3 Nf6 34. Bxa4 Rc8
35. Bb5 Rxa3 36. Rxa3 Ra8 37. Ra5 Rxa5 38. bxa5 Qa8 39. a6 Be7 40. a7 1-0

[Event "Isthmia 2011"]
[Site "Vrachati"]
[Date "2011.08.19"]
[Round "2.27"]
[White "Filippas, Sebastian"]
[Black "Bellos, Evangelos"]
[Result "1-0"]
[WhiteElo "2246"]
[BlackElo "1621"]
[PlyCount "45"]
[EventDate "2011.08.18"]

1. e4 Nc6 2. Nc3 e6 3. d4 Bb4 4. a3 Bxc3+ 5. bxc3 d6 6. f4 e5 7. Nf3 Nf6 8. Bd3
exf4 9. Bxf4 h6 10. O-O O-O 11. h3 Re8 12. Re1 g5 13. Nxg5 hxg5 14. Bxg5 Bxh3
15. gxh3 Kh8 16. Kh2 Rg8 17. Rg1 Rg6 18. e5 Rxg5 19. Rxg5 dxe5 20. Rh5+ Nxh5
21. Qxh5+ Kg8 22. Qh6 Ne7 23. Bh7+ 1-0

[Event "Isthmia 2011"]
[Site "Vrachati"]
[Date "2011.08.19"]
[Round "2.28"]
[White "Papadimitriou, Athanasios"]
[Black "Asimakopoulos, Ioannis"]
[Result "1-0"]
[WhiteElo "2184"]
[BlackElo "1964"]
[PlyCount "59"]
[EventDate "2011.08.18"]

1. Nf3 g6 2. d4 Bg7 3. c4 d6 4. g3 Nc6 5. Bg2 e5 6. d5 Nce7 7. O-O Nh6 8. Nc3
O-O 9. c5 Nhf5 10. e4 Nh6 11. cxd6 cxd6 12. Qb3 f6 13. Bd2 Nf7 14. Rac1 a6 15.
Be3 b5 16. Ne1 Bd7 17. Nd3 Nc8 18. Nb4 Nb6 19. Nc6 Bxc6 20. dxc6 Nc4 21. Nd5
Rc8 22. c7 Qd7 23. Rxc4 bxc4 24. Qxc4 Kh8 25. Rc1 Nh6 26. Nb6 Qe8 27. Qxa6 Ng8
28. Nxc8 Qxc8 29. Qxc8 Rxc8 30. Bh3 1-0

[Event "Isthmia 2011"]
[Site "Vrachati"]
[Date "2011.08.19"]
[Round "2.29"]
[White "Lommers, Frank"]
[Black "Kaldis, Georgios"]
[Result "0-1"]
[WhiteElo "2176"]
[BlackElo "1945"]
[PlyCount "40"]
[EventDate "2011.08.18"]

1. e4 e6 2. d4 d5 3. Nc3 Nf6 4. Bg5 Bb4 5. exd5 exd5 6. Qf3 Qe7+ 7. Nge2 Nbd7
8. O-O-O c6 9. Ng3 O-O 10. Nf5 Qd8 11. Bd3 Re8 12. Rhe1 Bf8 13. Qg3 g6 14. Re5
Nxe5 15. dxe5 Nh5 16. Qh4 Qc7 17. f4 Bxf5 18. Bxf5 h6 19. e6 hxg5 20. Qxg5
Qxf4+ 0-1

[Event "Isthmia 2011"]
[Site "Vrachati"]
[Date "2011.08.19"]
[Round "2.30"]
[White "Bellos, Ioannis"]
[Black "Spiropoulos, Panagiotis"]
[Result "1/2-1/2"]
[WhiteElo "1944"]
[BlackElo "2086"]
[PlyCount "120"]
[EventDate "2011.08.18"]

1. e4 c5 2. c3 Nc6 3. d4 d5 4. exd5 Qxd5 5. Nf3 e6 6. Na3 cxd4 7. Nb5 Qd7 8.
Nbxd4 a6 9. Be2 Nf6 10. O-O Bd6 11. Re1 O-O 12. Bd3 h6 13. Qe2 Qc7 14. h3 Bd7
15. Be3 Rfe8 16. Nxc6 Bxc6 17. Nd4 Rad8 18. Nxc6 Qxc6 19. c4 Bc5 20. Rac1 Bd4
21. Red1 e5 22. b4 Qa4 23. Rb1 Bxe3 24. fxe3 e4 25. Bc2 Qxa2 26. Rd4 Rxd4 27.
exd4 Qa3 28. Qe1 Rc8 29. Bb3 b6 30. c5 bxc5 31. bxc5 a5 32. Qc3 Kh8 33. Ra1 Nd5
34. Rxa3 Nxc3 35. Bc4 Nd1 36. Bxf7 e3 37. Bh5 Rb8 38. Bxd1 Rb1 39. Rxe3 Rxd1+
40. Kf2 Rxd4 41. Ra3 Rc4 42. Rxa5 Rc2+ 43. Ke3 Kg8 44. Kd4 Kf7 45. Ke5 Rxg2 46.
Kd6 Rd2+ 47. Kc7 Rd3 48. c6 Ke6 49. h4 g6 50. Rc5 Ke7 51. Rc4 g5 52. hxg5 hxg5
53. Re4+ Kf6 54. Kc8 Rc3 55. c7 Kf5 56. Rd4 g4 57. Kd7 g3 58. c8=Q Rxc8 59.
Kxc8 g2 60. Rd1 Kf4 1/2-1/2

[Event "Isthmia 2011"]
[Site "Vrachati"]
[Date "2011.08.20"]
[Round "3.1"]
[White "Nikolaidis, Ioannis"]
[Black "Atalik, Suat"]
[Result "1/2-1/2"]
[WhiteElo "2545"]
[BlackElo "2619"]
[PlyCount "73"]
[EventDate "2011.08.18"]

1. c4 Nf6 2. Nc3 d5 3. cxd5 Nxd5 4. d4 g6 5. e4 Nxc3 6. bxc3 Bg7 7. Bc4 c5 8.
Ne2 Nc6 9. Be3 cxd4 10. cxd4 Qa5+ 11. Qd2 O-O 12. Rc1 Qxd2+ 13. Kxd2 Rd8 14.
Rhd1 Nxd4 15. Nxd4 e5 16. Bd5 exd4 17. Bf4 Re8 18. Rc7 Be6 19. Rb1 Rad8 20.
Rbxb7 Bxd5 21. exd5 Rxd5 22. Rxf7 Bf8 23. Kd3 Ra5 24. Rxa7 Rxa2 25. Rxa2 Kxf7
26. Kxd4 Bg7+ 27. Kd5 Bf6 28. Bd6 g5 29. g4 Kg6 30. Ra6 h5 31. h3 hxg4 32. hxg4
Rd8 33. Ke6 Re8+ 34. Kd7 Re4 35. f3 Re3 36. Ra3 Rxa3 37. Bxa3 1/2-1/2

[Event "Isthmia 2011"]
[Site "Vrachati"]
[Date "2011.08.20"]
[Round "3.2"]
[White "Volkov, Sergey"]
[Black "Rozentalis, Eduardas"]
[Result "1/2-1/2"]
[WhiteElo "2607"]
[BlackElo "2571"]
[PlyCount "120"]
[EventDate "2011.08.18"]

1. d4 Nf6 2. c4 e6 3. Nc3 Bb4 4. f3 d5 5. a3 Bxc3+ 6. bxc3 c5 7. cxd5 exd5 8.
e3 Qc7 9. Bb5+ Bd7 10. a4 O-O 11. Ne2 Nc6 12. O-O Rfe8 13. dxc5 Ne5 14. Qd4 a6
15. Bxd7 Qxd7 16. Rb1 Rac8 17. Rd1 Rc7 18. Nf4 Nc6 19. Qd2 Ne5 20. Nxd5 Nxd5
21. Qxd5 Qxa4 22. Qb3 Qc6 23. Ba3 Qg6 24. Qa4 f6 25. Kh1 Rec8 26. e4 Qe8 27.
Qb3+ Kh8 28. Rd5 h6 29. c4 Nd7 30. h3 Nxc5 31. Bxc5 Rxc5 32. Rxc5 Rxc5 33. Qxb7
Rxc4 34. Qxa6 Qc6 35. Qxc6 Rxc6 36. Rb5 g6 37. g4 Rc2 38. Kg1 g5 39. h4 Kg7 40.
Rb7+ Kg8 41. h5 Ra2 42. Kf1 Rc2 43. Rd7 Rb2 44. Ke1 Ra2 45. Rd2 Rxd2 46. Kxd2
Kf7 47. Kd3 Ke6 48. Ke3 Ke7 49. Kd4 Kd6 50. Kc4 Ke5 51. Kd3 Ke6 52. Ke3 Ke7 53.
f4 gxf4+ 54. Kxf4 Kf8 55. e5 fxe5+ 56. Kf5 Kf7 57. Kxe5 Ke7 58. Kd5 Kf7 59. Ke5
Ke7 60. g5 hxg5 1/2-1/2

[Event "Isthmia 2011"]
[Site "Vrachati"]
[Date "2011.08.20"]
[Round "3.3"]
[White "Shanava, Konstantine"]
[Black "Peralta, Fernando"]
[Result "1/2-1/2"]
[WhiteElo "2535"]
[BlackElo "2601"]
[PlyCount "29"]
[EventDate "2011.08.18"]

1. e4 c6 2. d4 d5 3. exd5 cxd5 4. c4 Nf6 5. Nc3 e6 6. Nf3 Bb4 7. cxd5 Nxd5 8.
Bd2 Nc6 9. Bd3 O-O 10. O-O Be7 11. Re1 Ndb4 12. Bf4 Nxd3 13. Qxd3 Nb4 14. Qe4
Re8 15. a3 1/2-1/2

[Event "Isthmia 2011"]
[Site "Vrachati"]
[Date "2011.08.20"]
[Round "3.4"]
[White "Solak, Dragan"]
[Black "Mastrovasilis, Athanasios"]
[Result "1/2-1/2"]
[WhiteElo "2598"]
[BlackElo "2537"]
[PlyCount "83"]
[EventDate "2011.08.18"]

1. e4 e5 2. Nf3 Nc6 3. Bb5 Nf6 4. d3 Bc5 5. Bxc6 dxc6 6. O-O Bg4 7. h3 Bxf3 8.
Qxf3 Nd7 9. Nd2 Qf6 10. Qxf6 Nxf6 11. Nb3 Nd7 12. Nxc5 Nxc5 13. f4 exf4 14.
Bxf4 Ne6 15. Be3 O-O 16. Rf5 Rad8 17. Raf1 Rd7 18. Kf2 Re8 19. g4 c5 20. b3 b6
21. Ke2 a5 22. a4 Nd4+ 23. Bxd4 cxd4 24. Rb1 c5 25. Rbf1 Re6 26. h4 Kf8 27. Kf3
Ke8 28. Kg3 Kf8 29. R1f2 Kg8 30. g5 Kf8 31. Kg4 Ke8 32. Kf4 Ke7 33. Re5 Rdd6
34. Rxe6+ Rxe6 35. Kf5 Kd6 36. Kg4 Ke7 37. Rf5 Ke8 38. Rf1 Ke7 39. Kf5 Kd6 40.
Kg4 Ke7 41. Rf5 Ke8 42. Rf1 1/2-1/2

[Event "Isthmia 2011"]
[Site "Vrachati"]
[Date "2011.08.20"]
[Round "3.5"]
[White "Sethuraman, S P."]
[Black "Banikas, Hristos"]
[Result "1-0"]
[WhiteElo "2529"]
[BlackElo "2593"]
[PlyCount "95"]
[EventDate "2011.08.18"]

1. e4 c5 2. Nf3 d6 3. d4 cxd4 4. Nxd4 Nf6 5. Nc3 a6 6. Be2 e5 7. Nb3 Be7 8. O-O
O-O 9. Re1 Be6 10. Bf3 Nbd7 11. a4 Rc8 12. Be3 Qc7 13. a5 Rfd8 14. Nd2 h6 15.
Nf1 Bf8 16. h3 Qb8 17. Ng3 Qc7 18. Re2 b5 19. axb6 Nxb6 20. Rxa6 Nc4 21. Qa1 d5
22. exd5 Nxd5 23. Bxd5 Bxd5 24. Nxd5 Rxd5 25. Nf1 Qd7 26. Re1 Nd6 27. Qa2 Nf5
28. c3 Qb5 29. Ra7 Qc6 30. Ra6 Qb7 31. Rb6 Qd7 32. Qb3 Rd8 33. Rb7 Qe6 34. Bb6
R8d7 35. Rxd7 Qxd7 36. Ne3 Rb5 37. Qa4 Nxe3 38. Bxe3 Qb7 39. b4 f5 40. f3 Rd5
41. Bf2 Kh7 42. Qe8 Be7 43. Ra1 e4 44. fxe4 fxe4 45. Bd4 Rxd4 46. cxd4 Qxb4 47.
Qd7 Kg6 48. Qg4+ 1-0

[Event "Isthmia 2011"]
[Site "Vrachati"]
[Date "2011.08.20"]
[Round "3.6"]
[White "Kotronias, Vasilios"]
[Black "Del Rio De Angelis, Salvador G"]
[Result "1-0"]
[WhiteElo "2588"]
[BlackElo "2509"]
[PlyCount "125"]
[EventDate "2011.08.18"]

1. e4 e6 2. d4 d5 3. Nd2 c5 4. Ngf3 cxd4 5. exd5 Qxd5 6. Bc4 Qd8 7. O-O Nf6 8.
Nb3 Nc6 9. Qe2 a6 10. a4 Be7 11. Rd1 O-O 12. Nbxd4 Qc7 13. Nxc6 bxc6 14. Qe5
Qb7 15. Bg5 a5 16. Bd3 Rd8 17. Rab1 h6 18. Bh4 Bd7 19. Qe1 Be8 20. Ne5 Rd5 21.
Nc4 Qa7 22. Bg3 Bb4 23. c3 Be7 24. Bc2 Qc5 25. Ne3 Rxd1 26. Rxd1 Nh5 27. Bc7
Nf6 28. Qe2 Nd5 29. Qd3 g6 30. Nxd5 cxd5 31. Qg3 Qc4 32. Bf4 Qe2 33. Rc1 h5 34.
Be3 Bf6 35. Qd6 Qc4 36. Qb6 Bd8 37. Qd4 Qxd4 38. cxd4 Bb6 39. Bd1 f6 40. Kf1
Kf7 41. Ke2 Ke7 42. h4 Kd6 43. Kd3 g5 44. hxg5 fxg5 45. b3 Bd8 46. f3 Bg6+ 47.
Kd2 e5 48. dxe5+ Kxe5 49. Rc6 Be8 50. Rh6 Rc8 51. Bc2 Be7 52. Bd3 h4 53. Ke2
Rc3 54. Rh8 Rc8 55. Rh7 Bf6 56. Rb7 Bc6 57. Ra7 Rb8 58. Bc2 Bd8 59. Bg1 Rb7 60.
Ra6 Bd7 61. Be3 Bf5 62. Bxf5 Kxf5 63. Rd6 1-0

[Event "Isthmia 2011"]
[Site "Vrachati"]
[Date "2011.08.20"]
[Round "3.7"]
[White "Skembris, Spyridon"]
[Black "Burmakin, Vladimir"]
[Result "1/2-1/2"]
[WhiteElo "2475"]
[BlackElo "2579"]
[PlyCount "71"]
[EventDate "2011.08.18"]

1. c4 c6 2. d4 d5 3. Nf3 Nf6 4. Qc2 g6 5. Bf4 Bf5 6. Qb3 Qb6 7. e3 Nbd7 8. Nc3
Bg7 9. h3 O-O 10. c5 Qxb3 11. axb3 h6 12. g4 Be4 13. Nxe4 Nxe4 14. b4 Rfe8 15.
Bd3 e5 16. dxe5 a5 17. bxa5 Nexc5 18. Bc2 b6 19. Ke2 bxa5 20. Nd4 Bxe5 21. Bxe5
Nxe5 22. Rhc1 Reb8 23. Ra2 Na6 24. Rxa5 c5 25. Nb3 Nc6 26. Ra2 c4 27. Nd2 Ncb4
28. Ra5 Nxc2 29. Rxc2 Nb4 30. Rxa8 Rxa8 31. Rc3 f5 32. gxf5 gxf5 33. b3 Ra3 34.
e4 fxe4 35. Rg3+ Kf7 36. bxc4 1/2-1/2

[Event "Isthmia 2011"]
[Site "Vrachati"]
[Date "2011.08.20"]
[Round "3.8"]
[White "Svetushkin, Dmitry"]
[Black "Kasparov, Sergey"]
[Result "0-1"]
[WhiteElo "2576"]
[BlackElo "2503"]
[PlyCount "75"]
[EventDate "2011.08.18"]

1. e4 d5 2. exd5 Qxd5 3. Nc3 Qd6 4. d4 Nf6 5. Nf3 c6 6. Ne5 Nbd7 7. f4 g6 8.
Bc4 e6 9. O-O Bg7 10. a4 O-O 11. b3 Qc7 12. Ba3 Re8 13. Qf3 Nb6 14. Bd3 Nbd5
15. Nxd5 cxd5 16. c4 dxc4 17. Bxc4 Bf8 18. f5 gxf5 19. Bxf8 Kxf8 20. Qf4 Ke7
21. Bb5 Bd7 22. Nc6+ Qxc6 23. Bxc6 Bxc6 24. Rae1 Kd7 25. Qh4 Rg8 26. Rxf5 Rxg2+
27. Kf1 exf5 28. Qxf6 Rag8 29. Qxf5+ Kd8 30. d5 Bd7 31. Qf3 R2g5 32. Qf6+ Kc8
33. Rc1+ Kb8 34. Qd6+ Ka8 35. Ke2 Re8+ 36. Kd3 Bf5+ 37. Kd2 Rg2+ 38. Kd1 0-1

[Event "Isthmia 2011"]
[Site "Vrachati"]
[Date "2011.08.20"]
[Round "3.9"]
[White "Hrisanthopoulos, Dimitrios"]
[Black "Tiviakov, Sergei"]
[Result "0-1"]
[WhiteElo "2076"]
[BlackElo "2623"]
[PlyCount "116"]
[EventDate "2011.08.18"]

1. e4 d5 2. exd5 Qxd5 3. Nc3 Qd6 4. d4 Nf6 5. Nf3 c6 6. h3 g6 7. Ne5 Nbd7 8.
Bf4 Nd5 9. Nxd5 Qxd5 10. Qf3 Qxf3 11. Nxf3 Nb6 12. Bd3 Be6 13. O-O Bd5 14. Nd2
Bg7 15. c3 O-O-O 16. Rfe1 Rhe8 17. Be4 h6 18. Bxd5 cxd5 19. Re2 Kd7 20. Rae1
Rc8 21. Be5 Bf8 22. Bf4 e6 23. Nf3 f6 24. Bc1 Nc4 25. Nh4 g5 26. Ng6 Bg7 27. f4
Nd6 28. fxg5 hxg5 29. h4 gxh4 30. Nxh4 Ne4 31. Bf4 b5 32. Nf3 Rg8 33. Nd2 f5
34. Nf3 Bf6 35. Be5 Be7 36. Bf4 Kc6 37. Ra1 Kb7 38. Ne5 Rg7 39. Rd1 Rh8 40. Re3
Rgh7 41. Kf1 Bd6 42. Ke2 Rg8 43. Rg1 Rhg7 44. Kf1 Rg4 45. Rf3 Bxe5 46. dxe5
R8g7 47. g3 Ng5 48. Bxg5 R7xg5 49. Kf2 Kc6 50. Rh1 Re4 51. Rh7 a5 52. Rf4 Rxe5
53. Rh6 a4 54. Rfh4 Rg4 55. Rxg4 fxg4 56. Rg6 Re4 57. Rg8 b4 58. Rc8+ Kd6 0-1

[Event "Isthmia 2011"]
[Site "Vrachati"]
[Date "2011.08.20"]
[Round "3.10"]
[White "Baklan, Vladimir"]
[Black "Pountzas, Hrisanthos"]
[Result "1-0"]
[WhiteElo "2620"]
[BlackElo "2177"]
[PlyCount "55"]
[EventDate "2011.08.18"]

1. e4 c5 2. c3 Nf6 3. e5 Nd5 4. Nf3 Nc6 5. Bc4 e6 6. O-O d6 7. d4 Be7 8. Qe2
cxd4 9. cxd4 Nb6 10. Bb3 d5 11. Nc3 Bd7 12. Rd1 a5 13. a4 Nb4 14. Ne1 Rc8 15.
Nd3 Nc4 16. Nf4 g6 17. g3 Qc7 18. h4 h5 19. Nh3 Qb6 20. Bg5 Na6 21. Bxc4 Rxc4
22. Bxe7 Kxe7 23. Qf3 Rf8 24. Ng5 Rxd4 25. Qf6+ Ke8 26. Nxd5 Rxd1+ 27. Rxd1 Qc5
28. Ne4 1-0

[Event "Isthmia 2011"]
[Site "Vrachati"]
[Date "2011.08.20"]
[Round "3.11"]
[White "Jojua, Davit"]
[Black "Kasparova, Tatiana"]
[Result "1-0"]
[WhiteElo "2505"]
[BlackElo "2129"]
[PlyCount "107"]
[EventDate "2011.08.18"]

1. d4 Nf6 2. Nf3 c5 3. d5 d6 4. Nc3 g6 5. e4 Bg7 6. Be2 O-O 7. O-O e6 8. h3
exd5 9. exd5 Na6 10. Bf4 Nc7 11. Re1 Rb8 12. a4 a6 13. a5 b5 14. axb6 Rxb6 15.
Na4 Rb8 16. c4 Nh5 17. Bg5 Bf6 18. Bc1 Ng7 19. Nc3 Re8 20. Ra2 Nf5 21. Bd3 Nd4
22. Nxd4 Bxd4 23. Ne2 Bg7 24. b3 Qf6 25. Bb2 Qg5 26. Bxg7 Kxg7 27. Kf1 Qe5 28.
Bc2 Bf5 29. Bxf5 Qxf5 30. Nc1 Rxe1+ 31. Qxe1 Re8 32. Re2 Rxe2 33. Nxe2 Qd3 34.
Qc3+ Qxc3 35. Nxc3 Kf6 36. Ke2 Ke7 37. Ke3 a5 38. g4 h6 39. h4 Ne8 40. Nb5 Ng7
41. Na7 f5 42. g5 hxg5 43. hxg5 Kd7 44. Nc6 Ne8 45. Nxa5 Nc7 46. Nc6 Na6 47.
Kd3 Ke8 48. Kc3 Kd7 49. Kb2 Nc7 50. b4 cxb4 51. Nxb4 Ne8 52. Nd3 Ke7 53. Nf4
Kf7 54. Ne6 1-0

[Event "Isthmia 2011"]
[Site "Vrachati"]
[Date "2011.08.20"]
[Round "3.12"]
[White "Kelires, Andreas"]
[Black "Shoker, Samy"]
[Result "0-1"]
[WhiteElo "1825"]
[BlackElo "2475"]
[PlyCount "126"]
[EventDate "2011.08.18"]

1. e4 g6 2. d4 Bg7 3. Nc3 a6 4. Be3 b5 5. f3 Bb7 6. a3 d6 7. Qd2 Nd7 8. h4 h5
9. Nh3 Rc8 10. Ng5 c5 11. Be2 Ngf6 12. O-O cxd4 13. Bxd4 Nb6 14. Rad1 Nc4 15.
Bxc4 Rxc4 16. Qf2 Qc8 17. Rfe1 O-O 18. Re2 Re8 19. Red2 e6 20. Bxf6 Bxf6 21.
Rxd6 Be7 22. e5 Bxd6 23. exd6 Qc5 24. Qxc5 Rxc5 25. Nce4 Rf5 26. b4 Rd8 27. Nc5
Rd5 28. Re1 Bc8 29. Nge4 Kg7 30. g4 hxg4 31. fxg4 f5 32. gxf5 gxf5 33. d7 Bxd7
34. Ng5 Re8 35. Nxa6 Rd6 36. Nc7 Re7 37. Kf2 Rc6 38. Nd5 Rxc2+ 39. Kg3 Re8 40.
Nb6 Bc6 41. Rxe6 Rxe6 42. Nxe6+ Kf6 43. Nd4 Rc1 44. Kf4 Rf1+ 45. Ke3 Be8 46.
Ke2 Rh1 47. Kf2 Ra1 48. Ke3 Re1+ 49. Kd2 Re4 50. Kd3 Ke5 51. Nf3+ Kd6 52. Nd4
Ke5 53. Nf3+ Kf4 54. Ng5 Re3+ 55. Kd4 Rxa3 56. Nd5+ Kg3 57. Ke5 Bc6 58. Ne7
Kxh4 59. Nf7 Re3+ 60. Kf6 Rxe7 61. Kxe7 f4 62. Ne5 f3 63. Nd3 Kg3 0-1

[Event "Isthmia 2011"]
[Site "Vrachati"]
[Date "2011.08.20"]
[Round "3.13"]
[White "Javakhishvili, Lela"]
[Black "Skouvaklis, Alexis"]
[Result "1-0"]
[WhiteElo "2469"]
[BlackElo "2084"]
[PlyCount "129"]
[EventDate "2011.08.18"]

1. d4 g6 2. Nf3 Nf6 3. c4 Bg7 4. Nc3 O-O 5. g3 d6 6. Bg2 Nbd7 7. O-O e5 8. e4
exd4 9. Nxd4 Re8 10. Re1 a6 11. Rb1 h6 12. b3 Nc5 13. Bb2 Ne6 14. Nc2 Ng5 15.
Qd2 Rb8 16. f4 Ne6 17. Nd5 Nc5 18. e5 dxe5 19. Bxe5 Nxd5 20. Bxg7 Ne3 21. Qc3
Nxc2 22. Bh8 f6 23. Bxf6 Nxe1 24. Bxd8 Nxg2 25. Bxc7 Bf5 26. Bxb8 Bxb1 27. Be5
Be4 28. Qd4 b6 29. Bh8 Re7 30. Qd8+ Kf7 31. Qxb6 Nd3 32. Bc3 Nge1 33. Qf6+ Ke8
34. Qh8+ Kf7 35. Qg7+ Ke8 36. Qh8+ Kf7 37. Bxe1 Nxe1 38. Qxh6 Nd3 39. Qh7+ Kf8
40. Qh8+ Kf7 41. Qc3 Bf5 42. g4 Nxf4 43. Qf3 Re1+ 44. Kf2 Nd3+ 45. Kg2 Ne5 46.
Qf2 Nd3 47. Qf3 Ne5 48. Qb7+ Bd7 49. Kf2 Nd3+ 50. Kf3 Ne5+ 51. Kf4 Nd3+ 52. Kg5
Re5+ 53. Kh6 Ke7 54. h4 Nf2 55. g5 Ng4+ 56. Kxg6 Re6+ 57. Kg7 Ne5 58. h5 Kd8
59. Qa8+ Bc8 60. Qd5+ Bd7 61. Qxe6 Bxe6 62. Kf6 Bf7 63. h6 Bg6 64. Kxe5 Ke7 65.
c5 1-0

[Event "Isthmia 2011"]
[Site "Vrachati"]
[Date "2011.08.20"]
[Round "3.14"]
[White "Azis, Azizis Ektoras"]
[Black "Zeppos, Panagiotis"]
[Result "1/2-1/2"]
[WhiteElo "2246"]
[BlackElo "1949"]
[PlyCount "79"]
[EventDate "2011.08.18"]

1. e4 c5 2. Ne2 e6 3. d4 cxd4 4. Nxd4 Nc6 5. Nc3 Qc7 6. Be3 a6 7. Be2 Nf6 8. f4
Bb4 9. Bf3 e5 10. Nxc6 Qxc6 11. fxe5 Bxc3+ 12. bxc3 Nxe4 13. Qd3 Qxc3+ 14. Ke2
Qxd3+ 15. cxd3 Nc3+ 16. Kd2 Nb5 17. a4 Na7 18. Bc5 Nc6 19. Rhb1 h5 20. Rb6 a5
21. d4 Ra6 22. Rxa6 bxa6 23. Rb1 Rh6 24. Rb6 Kd8 25. Rb3 Nb4 26. Bd6 f6 27. Be4
Nc6 28. Rg3 fxe5 29. dxe5 Nxe5 30. Bxe5 Re6 31. Rg5 d6 32. Bxg7 Rxe4 33. Rxa5
h4 34. h3 Bb7 35. Bf6+ Kc7 36. Rh5 Rxa4 37. Rxh4 Rxh4 38. Bxh4 Bxg2 39. Kc3
Bxh3 40. Bg3 1/2-1/2

[Event "Isthmia 2011"]
[Site "Vrachati"]
[Date "2011.08.20"]
[Round "3.15"]
[White "Soultatis, Kostas"]
[Black "Kapnisis, Spyridon"]
[Result "0-1"]
[WhiteElo "2050"]
[BlackElo "2529"]
[PlyCount "38"]
[EventDate "2011.08.18"]

1. d4 d5 2. c4 e6 3. Nc3 c5 4. e3 Nf6 5. Nf3 a6 6. a4 Nc6 7. Be2 Be7 8. O-O O-O
9. Ne5 Qc7 10. Nxc6 bxc6 11. a5 Bb7 12. cxd5 cxd5 13. dxc5 Bxc5 14. Qa4 Rad8
15. b4 Ba7 16. Bb2 d4 17. exd4 Rxd4 18. Rad1 Rh4 19. g3 Qxg3+ 0-1

[Event "Isthmia 2011"]
[Site "Vrachati"]
[Date "2011.08.20"]
[Round "3.16"]
[White "Rigopoulos-Tsigkos, Alexandros"]
[Black "Georgiadis, Ioannis"]
[Result "1-0"]
[WhiteElo "2041"]
[BlackElo "2464"]
[PlyCount "110"]
[EventDate "2011.08.18"]

1. e4 c5 2. Nf3 d6 3. d4 Nf6 4. Nc3 cxd4 5. Qxd4 a6 6. Bg5 Nc6 7. Qd2 e6 8.
O-O-O Qc7 9. h4 Bd7 10. Kb1 O-O-O 11. Nd4 Be7 12. f4 h6 13. Bxf6 Bxf6 14. Nb3
Be7 15. h5 Kb8 16. g4 Bc8 17. Bg2 b6 18. Rh3 Bb7 19. a3 Na7 20. Rd3 Nc8 21. Qf2
Rhf8 22. a4 Na7 23. Ne2 Bf6 24. Ned4 d5 25. Rc3 Qd7 26. a5 Bxd4 27. Qxd4 Nb5
28. Qe5+ Ka8 29. Qxg7 Nxc3+ 30. Qxc3 Rc8 31. Qd2 Rfd8 32. axb6 Qb5 33. g5 Qxb6
34. e5 Rh8 35. Bf3 Ka7 36. g6 fxg6 37. hxg6 Rhg8 38. Qg2 Rcf8 39. Rd4 Rg7 40.
Bh5 Rc8 41. Qd2 Rgc7 42. Rb4 Qg1+ 43. Ka2 Rc4 44. Na5 Rxb4 45. Qxb4 Qb6 46.
Qxb6+ Kxb6 47. Nxb7 Kxb7 48. f5 exf5 49. g7 f4 50. Bf7 Kc6 51. g8=Q Rxg8 52.
Bxg8 f3 53. Be6 d4 54. Bh3 f2 55. e6 Kd5 1-0

[Event "Isthmia 2011"]
[Site "Vrachati"]
[Date "2011.08.20"]
[Round "3.17"]
[White "Galopoulos, Nikolaos"]
[Black "Fragkos, Vasilios"]
[Result "1-0"]
[WhiteElo "2327"]
[BlackElo "2022"]
[PlyCount "119"]
[EventDate "2011.08.18"]

1. d4 d5 2. c4 dxc4 3. Nf3 Nf6 4. e3 e6 5. Bxc4 c5 6. O-O a6 7. Qe2 b5 8. Bb3
Bb7 9. Rd1 c4 10. Bc2 Nbd7 11. e4 Be7 12. Bf4 O-O 13. Nbd2 Qb6 14. Nf1 Rfe8 15.
Ng3 Rac8 16. Bg5 h6 17. Bf4 Nf8 18. Ne5 Red8 19. Be3 Qc7 20. Ng4 Ng6 21. Nxf6+
Bxf6 22. e5 Bg5 23. Bxg5 hxg5 24. Qg4 Qe7 25. Bxg6 fxg6 26. Ne4 Bxe4 27. Qxe4
Qf7 28. a4 b4 29. Rac1 Rd5 30. Qe2 Qd7 31. Rxc4 Rxc4 32. Qxc4 Qxa4 33. b3 Qd7
34. Qxb4 a5 35. Qd2 Qd8 36. Qd3 Kf7 37. Qf3+ Kg8 38. Qe4 Qd7 39. Rd3 Qf7 40.
Rf3 Qd7 41. Rd3 Qf7 42. h3 Qf5 43. f3 Kh7 44. Kf2 Qf4 45. Qe3 Qh4+ 46. Kf1 Qf4
47. Qxf4 gxf4 48. Ke2 g5 49. Kd2 Kg6 50. Kc3 Kh5 51. Rd2 Kh4 52. Kd3 Rb5 53.
Kc4 Rd5 54. b4 axb4 55. Kxb4 Kg3 56. Kc4 Kh2 57. Ra2 Rd7 58. Kd3 Rb7 59. d5
exd5 60. Kd4 1-0

[Event "Isthmia 2011"]
[Site "Vrachati"]
[Date "2011.08.20"]
[Round "3.18"]
[White "Paouris, Nikolaos"]
[Black "Nikolaidis, Konstantinos"]
[Result "0-1"]
[WhiteElo "2030"]
[BlackElo "2274"]
[PlyCount "80"]
[EventDate "2011.08.18"]

1. c4 e5 2. g3 Nf6 3. Bg2 Nc6 4. Nc3 Bb4 5. Nd5 O-O 6. Nf3 Re8 7. O-O a5 8. d3
h6 9. e3 Bf8 10. b3 d6 11. Bb2 Nb8 12. d4 Nbd7 13. Qc2 Nh7 14. Rad1 c6 15. Nc3
Qc7 16. dxe5 dxe5 17. Rd2 Nc5 18. Rfd1 Ng5 19. Nxg5 hxg5 20. Ne4 Nxe4 21. Bxe4
Bg4 22. f3 Be6 23. Bh7+ Kh8 24. Bf5 Bb4 25. Rd7 Bxd7 26. Rxd7 Qb6 27. Qe4 Re7
28. Bxe5 Rxd7 29. Bxd7 Rd8 30. Bd4 Bc5 31. Qg4 Bxd4 32. exd4 Qb4 33. c5 Qe1+
34. Kg2 Qe2+ 35. Kg1 Qe1+ 36. Kg2 Qe2+ 37. Kg1 Qe7 38. Bf5 g6 39. Bc8 f5 40.
Qh3+ Kg7 0-1

[Event "Isthmia 2011"]
[Site "Vrachati"]
[Date "2011.08.20"]
[Round "3.19"]
[White "Vazelakis, Dimitrios"]
[Black "Filippas, Sebastian"]
[Result "0-1"]
[WhiteElo "2022"]
[BlackElo "2246"]
[PlyCount "86"]
[EventDate "2011.08.18"]

1. c4 c6 2. g3 d5 3. Bg2 Nf6 4. Nf3 Bg4 5. Ne5 Bf5 6. cxd5 cxd5 7. O-O e6 8.
Qb3 Nc6 9. Nxc6 bxc6 10. Qa4 Qd7 11. d3 h5 12. Nc3 Be7 13. Bg5 Rb8 14. e4 Bg6
15. a3 Nxe4 16. Nxe4 Bxe4 17. Bf4 Bxg2 18. Bxb8 Bxf1 19. Rxf1 c5 20. Qxa7 Qxa7
21. Bxa7 Kd7 22. Rc1 Rc8 23. Rc2 Rc6 24. Bb8 Bf6 25. Bf4 c4 26. dxc4 Rxc4 27.
Re2 g5 28. Be5 Be7 29. Kf1 f6 30. Bc3 d4 31. Be1 e5 32. f3 Ke6 33. Rd2 g4 34.
fxg4 hxg4 35. Bf2 Kd5 36. Ke2 f5 37. Kd1 Bg5 38. Rc2 d3 39. Rxc4 Kxc4 40. Bb6
e4 41. a4 e3 42. a5 e2+ 43. Ke1 Kb3 0-1

[Event "Isthmia 2011"]
[Site "Vrachati"]
[Date "2011.08.20"]
[Round "3.20"]
[White "Naoum, Spyridon"]
[Black "Tsekouras, Theodoros"]
[Result "0-1"]
[WhiteElo "1999"]
[BlackElo "2223"]
[PlyCount "74"]
[EventDate "2011.08.18"]

1. d4 Nf6 2. c4 g6 3. Nf3 Bg7 4. Nc3 O-O 5. e4 d6 6. Be2 e5 7. O-O Na6 8. Re1
Qe8 9. dxe5 dxe5 10. b3 Qe7 11. Bb2 c6 12. Qc2 Nh5 13. Rad1 Nf4 14. Qc1 Bh6 15.
Qa1 Nb4 16. Ba3 a5 17. Na4 Bg4 18. Bxb4 axb4 19. Qb2 Rad8 20. Qc2 Bxf3 21. Bxf3
Ne6 22. Bg4 Nd4 23. Qb1 Qg5 24. h3 Bg7 25. Nc5 h5 26. Be2 Qe7 27. Nd3 Rd7 28.
Bf1 Bh6 29. Qb2 c5 30. Kh1 Rfd8 31. Nc1 Bxc1 32. Qxc1 Qf6 33. Qb2 b6 34. f3 Qf4
35. Qf2 h4 36. Rd2 Nxf3 37. gxf3 Rxd2 0-1